Solutions Manual to Accompany Applied Production and Operation Management (Record no. 343068)
[ view plain ]
| 000 -LEADER | |
|---|---|
| fixed length control field | 00464 a2200157 4500 |
| 003 - CONTROL NUMBER IDENTIFIER | |
| control field | OSt |
| 005 - DATE AND TIME OF LATEST TRANSACTION | |
| control field | 20180116182630.0 |
| 008 - FIXED-LENGTH DATA ELEMENTS--GENERAL INFORMATION | |
| fixed length control field | 160504b xxu||||| |||| 00| 0 eng d |
| 040 ## - CATALOGING SOURCE | |
| Transcribing agency | 0 |
| 082 ## - DEWEY DECIMAL CLASSIFICATION NUMBER | |
| Classification number | 658.5 EVA 1993 |
| 100 ## - MAIN ENTRY--PERSONAL NAME | |
| Personal name | James R. Evans |
| 245 ## - TITLE STATEMENT | |
| Title | Solutions Manual to Accompany Applied Production and Operation Management |
| Statement of responsibility, etc. | James R. Evans |
| 250 ## - EDITION STATEMENT | |
| Edition statement | 4TH ED |
| 260 ## - PUBLICATION, DISTRIBUTION, ETC. | |
| Place of publication, distribution, etc. | West Publishing company Minneapolis |
| Date of publication, distribution, etc. | 1993 |
| 942 ## - ADDED ENTRY ELEMENTS (KOHA) | |
| Institution code [OBSOLETE] | NBS |
| Koha item type | Book |
| Call number prefix | 658.5 EVA |
| Source of classification or shelving scheme | |
| Withdrawn status | Lost status | Damaged status | Not for loan | Permanent Location | Current Location | Date acquired | Total Checkouts | Full call number | Barcode | Date last seen | Price effective from | Koha item type |
|---|---|---|---|---|---|---|---|---|---|---|---|---|
| Central Library (CL) | Central Library (CL) | 08/28/2013 | 658.5 EVA | NBS911 | 05/04/2016 | 08/28/2013 | Book |
